Spiersbridge Property Developments Limited v Muir Construction Limited (Record no. 80698)
[ view plain ]
| 000 -LEADER | |
|---|---|
| fixed length control field | 02290cad a22002655a 4500 |
| 001 - CONTROL NUMBER | |
| control field | L145103 |
| 008 - FIXED-LENGTH DATA ELEMENTS--GENERAL INFORMATION | |
| fixed length control field | 080908e20080314stk f v 000 0 eng d |
| 035 ## - SYSTEM CONTROL NUMBER | |
| System control number | (Sirsi) u145103 |
| 041 0# - LANGUAGE CODE | |
| Language code of text/sound track or separate title | eng |
| 245 00 - TITLE STATEMENT | |
| Title | Spiersbridge Property Developments Limited v Muir Construction Limited |
| Medium | [electronic resource] |
| 260 ## - PUBLICATION, DISTRIBUTION, ETC. | |
| Date of publication, distribution, etc. | 2008 |
| 520 ## - SUMMARY, ETC. | |
| Summary, etc. | [2008] ScotCS CSOH 44, 14 March 2008. The case considers whether an employer who calls a performance bond is obliged to account to the contractor for any overpayment. The pursuer, Spiersbridge Property Ltd (Spiersbridge) entered into a building contract with Muir Construction Ltd (Muir). Muir gave Spiersbridge an on demand performance bond (the Bond) from the Royal Bank of Scotland (the Bank). On 14 November 2006, Spiersbridge requested the bank for a bond alleging various breaches of contract from Muir. The bank made the payment and claimed back to Muir the amount paid to Spiersbridge. Muir argued that there was no breach of contract on his part; that Spiersbridge had no proper basis to ask for that money and requested that the sum paid by him to the bank should be reimbursed to him by Spiersbridge. There was no provision in the bond or the Building contract under such circumstances. The Outer house had to decide whether the entitlement to repayment of excess arose under the Bond or the Building contract. Held: The Court decide that the repayment term should be implied in the Building Contract. |
| 590 ## - LOCAL NOTE (RLIN) | |
| Local note | KA |
| 650 24 - SUBJECT ADDED ENTRY--TOPICAL TERM | |
| Topical term or geographic name entry element | MOSVOLDS REDERI A/S V FOOD CORP OF INDIA |
| 650 24 - SUBJECT ADDED ENTRY--TOPICAL TERM | |
| Topical term or geographic name entry element | SPIERSBRIDGE PROPERTY DEVELOPMENTS LIMITED V MUIR CONSTRUCTION LIMITED |
| 650 24 - SUBJECT ADDED ENTRY--TOPICAL TERM | |
| Topical term or geographic name entry element | AUSTRALASIAN CONFERENCE ASSOCIATION V MAINLINE CONSTRUCTIONS PTY LIMITED (IN LIQUIDATION) |
| 650 24 - SUBJECT ADDED ENTRY--TOPICAL TERM | |
| Topical term or geographic name entry element | SHIRLAW V SOUTHERN FOUNDRIES (1926) LTD |
| 650 24 - SUBJECT ADDED ENTRY--TOPICAL TERM | |
| Topical term or geographic name entry element | CARGILL INTERNATIONAL SA V BANGLADESH SUGAR AND FOOD INDUSTRIES CORPORATION |
| 650 24 - SUBJECT ADDED ENTRY--TOPICAL TERM | |
| Topical term or geographic name entry element | SEEPONG ENGINEERING CONSTRUCTION CO LIMITED V FORMULA 1 ADMINISTRATION LIMITED |
| 650 24 - SUBJECT ADDED ENTRY--TOPICAL TERM | |
| Topical term or geographic name entry element | WOOD HALL LIMITED V THE PIPELINE AUTHORITY AND ANOTHER |
| 651 #4 - SUBJECT ADDED ENTRY--GEOGRAPHIC NAME | |
| Geographic name | Scotland |
| Chronological subdivision | 1999- |
| 690 ## - LOCAL SUBJECT ADDED ENTRY--TOPICAL TERM (OCLC, RLIN) | |
| Topical term or geographic name as entry element | BUILT ENVIRONMENT-CONSTRUCTION MANAGEMENT-BUILDING CONTRACT ADMINISTRATION |
| 856 40 - ELECTRONIC LOCATION AND ACCESS | |
| Uniform Resource Identifier | <a href="https://www.bailii.org/scot/cases/ScotCS/2008/CSOH_44.html">https://www.bailii.org/scot/cases/ScotCS/2008/CSOH_44.html</a> |
| Public note | View the case free of charge at www.bailii.org... |
| 942 ## - ADDED ENTRY ELEMENTS (KOHA) | |
| Suppress in OPAC | 0 |
| Withdrawn status | Lost status | Source of classification or shelving scheme | Damaged status | Not for loan | Home library | Current library | Shelving location | Date acquired | Total Checkouts | Full call number | Barcode | Date last seen | Copy number | Price effective from | Koha item type |
|---|---|---|---|---|---|---|---|---|---|---|---|---|---|---|---|
| Dewey Decimal Classification | Virtual | Virtual | Online | 08/09/2008 | ONLINE PUBLICATION | 145103-1001 | 06/08/2019 | 1 | 06/08/2019 | Law report |